Ariana Grande "my hair" lyrics - Statistics

General Stats
  • This quiz has been taken 221 times
  • The average score is 186 of 227
Answer Stats
Hint Answer % Correct
I
99%
a
95%
my
95%
you
95%
hair
94%
be
93%
so
93%
So
93%
do
92%
your
92%
hands
91%
to
91%
Chorus To
91%
Baby
90%
baby
90%
don't
90%
it
90%
It
90%
the
89%
The
89%
through
89%
scared
88%
That
88%
it's
84%
Verse 2 It's
84%
run
84%
some
84%
touch
84%
Ooh
83%
try
83%
way
83%
Like
82%
like
82%
me
82%
me)
82%
want
81%
'cause
80%
give
80%
instructions
80%
let
80%
and
78%
But
78%
Come
78%
come
78%
that's
78%
mind
77%
Usually
76%
usually
76%
(Usually
76%
why
76%
can't
75%
body
73%
Oh
73%
oh
73%
there
73%
mmm
72%
(Mmm)
72%
skin
72%
softly
71%
down
70%
get
70%
tonight
70%
for
69%
people
69%
same
69%
as
67%
Just
67%
pass
67%
got
66%
care
65%
this
65%
This
65%
ain't
63%
back
61%
been
61%
might
61%
inches
60%
long
59%
these
59%
Spend
57%
spend
57%
time
56%
overdue
55%
keep
54%
Verse 1 Said
54%
I'ma
53%
real
53%
smooth
51%
sometimes
51%
ya
50%
dimes
48%
tracks
39%
Bridge Know
14%
No matching quizzes found
Score Distribution
Percent of People with Each Score
Percentile by Number Answered
Your Score History
You have not taken this quiz